Medianama. Delhi

Bibliographic Details
Format: Unknown
Language:English
Published: Nueva Delhi : HT Media Ltd
Online Access:Acceso restringido

MARC

LEADER 00000ny a22000003n 4500
005 2011051606446.0
008 101020c199u9999my un p 0 a0eng d
035 |a 5202 
040 |a BUS  |d vLex 
090 |c 1968  |d 1968 
245 3 0 |a Medianama. Delhi  |h [Recurso electrn̤ico] 
256 |a Servicio en ln̕ea 
260 |a Nueva Delhi :  |b HT Media Ltd 
740 |a vLex Revista (Servicios en ln̕ea) 
843 |a Electrn̤ica. Abierta 
853 |8 1  |i (year)  |j (month)  |k (day) 
856 4 0 |z Acceso restringido  |u http://vlex.com/account/login_ip?fuente_id=5202 
942 |c REV 
999 0 |a Business and economics